| 000 | 00414nam a2200169Ia 4500 | ||
|---|---|---|---|
| 001 | 30093 | ||
| 003 | IN-NITTTR | ||
| 005 | 20251114233408.0 | ||
| 008 | 251113s9999||||xx |||||||||||||| ||eng|| | ||
| 040 | _beng | ||
| 040 | _cIN-NITTTR | ||
| 041 | _aeng | ||
| 082 | _a921.94 G1S | ||
| 100 | _aGoyal, Jung Bahadur | ||
| 245 | 0 |
_aSanvedna ke saptsindhu : _b Swami Vivekanand / _cGoyal, Jung Bahadur |
|
| 942 |
_2ddc _cBK |
||
| 999 |
_c32721 _d32721 |
||